Countries with Major League Baseball Players - Statistics

General Stats
  • This quiz has been taken 67,506 times
    54,709 since last reset
  • The average score is 7 of 8
Answer Stats
# Players Country % Correct
19,788 United States
100%
151 Mexico
93%
268 Canada
92%
83 Japan
87%
396 Cuba
84%
925 Dominican Republic
80%
492 Venezuela
63%
81 Panama
51%
No matching quizzes found
Score Distribution
Percent of People with Each Score
Percentile by Number Answered
Your Score History
You have not taken this quiz since the last reset